000 01157nam a2200301 a 4500
001 342
003 BR-CuiBMT
005 20231101024224.0
008 231101s2019 mgb 00| 0 eng d
020 _a9788545006824
040 _aBR-CuiBMT
_cBR-CuiBMT
080 _a2007
_2061.2
090 _a061.2
_bR433r
_c6. ed.
100 1 _aResende, Tomáz de Aquino
245 1 _aRoteiro do terceiro setor :
_bassociações, fundações, e organizações religiosas /
_cTomáz de Aquino Resende, André Costa Resende, Bianca Monteiro da Silva ; prefácio, Valma Leite da Cunha e Marcelo Oliveira Costa.
250 _a6. ed., rev. e atual.
260 _aBelo Horizonte :
_bFórum,
_c2019.
300 _a228 p. ;
_c21 cm
500 _a"Atualizado de acordo com a Lei nº 13.019/2014."
500 _a"Marco Regulatório das Organizações da Sociedade Civil/MROSC.
504 _aInclui bibliografia.
650 _aTerceiro setor
650 _aAssociações sem fins lucrativos
_vLegislação
_zBrasil
650 _aFundações e instituições beneficentes
700 1 _aResende, André Costa
700 1 _aSilva, Bianca Monteiro da
942 _2udc
_cLV
999 _c342
_d342